000 00334 a2200157 4500
001 180159
020 _a
040 _cMagnum
100 _aGóes, Lúcia Pimentel
240 1 0 _aA maior boca do mundo
_lpor
245 1 0 _aA maior boca do mundo
362 0 _a1899
440 1 _aÁtica
697 _aMAGNITO: IJ/GERAL
942 _cBK
999 _c180159
_d180159